| 000 | 00000nam 2200000za 4500 |
| 001 | 9.536362 |
| 003 | CaOODSP |
| 005 | 20210615084323 |
| 007 | ta |
| 008 | 150406s2002||||xxc||||| f|0| 0 eng d |
| 020 | |a0-662-66304-7 |
| 040 | |aCaOODSP|beng |
| 041 | |aeng |
| 041 | |afre |
| 043 | |an-cn--- |
| 086 | 1 |aH13-6/2002-1 |
| 110 | 1 |aCanada.|bHealth Canada. |bHealth Policy and Communications Branch. |
| 245 | 10|aPharmaceutical issues / |cby Wendy Kennedy and Robert Goyer. |
| 260 | |aOttawa - Ontario : |bHealth Canada. |c2002. |
| 300 | |aEnglish text, 27p. : |bgraphs ; |c28 cm. |
| 490 | 1 |aSynthesis series |
| 563 | |aSoftcover |
| 590 | |a02-38|b2002-09-20 |
| 690 | 07|aDrugs|2gcpds |
| 690 | 07|aHealth care system|2gcpds |
| 720 | 1 |aKennedy, Wendy |
| 720 | 1 |aGoyer, Robert |
| 776 | 0#|tPharmaceutical issues / |w(CaOODSP)9.572925 |
| 776 | 0#|tLes questions pharmaceutiques / |w(CaOODSP)9.603171 |
| 792 | |tLes questions pharmaceutiques / |efre|w(CaOODSP)9.536363 |
| 830 | #0|aSynthesis series.|w(CaOODSP)9.509388 |